Soup, Sandwich, or Salad Quiz Stats

 Plays Quiz Updated Aug 18, 2018

Score 0/30 Timer 04:00
0 Plays Today
Question Answer Wrong Answers
Caesar Salad
93.3%
Soup
0.6%
Sandwich
0.4%
Coleslaw Salad
92.8%
Soup
0.8%
Sandwich
0.7%
BLT Sandwich
92.7%
Soup
0.6%
Salad
1%
Garden Salad
92.5%
Soup
1.2%
Sandwich
0.7%
Sloppy Joe Sandwich
91.9%
Soup
1.6%
Salad
0.9%
Club Sandwich
91.9%
Soup
0.4%
Salad
2.1%
French Onion Soup
91.4%
Salad
1.9%
Sandwich
1.1%
Minestrone Soup
91.4%
Salad
1.5%
Sandwich
1.4%
Corn Chowder Soup
91.3%
Salad
1.8%
Sandwich
1.2%
Bisque Soup
88.4%
Salad
1.8%
Sandwich
3.9%
Gazpacho Soup
88.4%
Salad
3.6%
Sandwich
2%
Waldorf Salad
86.7%
Soup
2.7%
Sandwich
4.8%
Reuben Sandwich
85.5%
Soup
2.5%
Salad
6.3%
Insalata Caprese Salad
85.2%
Soup
3.6%
Sandwich
5.3%
Elvis Sandwich
83.8%
Soup
3.3%
Salad
7%
Cobb Salad
83.7%
Soup
1.9%
Sandwich
8.7%
Po' Boy Sandwich
83.6%
Soup
7.9%
Salad
2.8%
Consommé Soup
83.2%
Salad
7%
Sandwich
3.8%
Phở Soup
82.8%
Salad
5.2%
Sandwich
6.1%
Borscht Soup
80.8%
Salad
5.3%
Sandwich
8%
Monte Cristo Sandwich
79.6%
Soup
3.4%
Salad
11.1%
Egg Drop Soup
77.3%
Salad
9.1%
Sandwich
7.9%
Dagwood Sandwich
71.9%
Soup
6.7%
Salad
15.4%
Tabbouleh Salad
68.3%
Soup
18.3%
Sandwich
7.5%
Torta Sandwich
65.7%
Soup
18.1%
Salad
10.1%
French Dip Sandwich
62.4%
Soup
21.1%
Salad
10.8%
Mesclun Salad
57%
Soup
26.2%
Sandwich
10.5%
Fattoush Salad
55.1%
Soup
24.9%
Sandwich
13.7%
Bánh mì Sandwich
52.2%
Soup
30.5%
Salad
11.2%
Kosambari Salad
39.1%
Soup
37.1%
Sandwich
17.5%

You're not logged in!

Compare scores with friends on all Sporcle quizzes.
OR
Log In

Sporcle TV

Today on Sporcle TV


Watch our educational content, quiz creation guides, and fun videos on Sporcle TV.

Show Comments

Extras

Top Quizzes Today


Score Distribution

Your Account Isn't Verified!

In order to create a playlist on Sporcle, you need to verify the email address you used during registration. Go to your Sporcle Settings to finish the process.

Report this User

Report this user for behavior that violates our Community Guidelines.

Details: